000 00488nam a2200169Ia 4500
008 090201s9999 xx 000 0 und d
010 _aKPL-46773
040 _bमराठी
041 _aमराठी
082 _a50695
_b46773
100 _aदिनु काकडे
245 _aसौदा
_cदिनु काकडे
260 _c2006
_bडॉल्फीन लायब्ररी
300 _a244
_bमोठा
600 _aसौदा
942 _cBOOK
999 _c247220
_d247220